Pasarela 2, unidades didácticas globalizadas, 1er. ciclo de educación primaria
Gespeichert in:
| Hauptverfasser: | , , , , , , , |
|---|---|
| Weitere Verfasser: | , , , |
| Format: | Buch |
| Sprache: | Spanisch |
| Veröffentlicht: |
Madrid
Bruño
1992
|
| Schriftenreihe: | Colección Proyecto Beta
|
| Schlagworte: | |
| Tags: |
Tag hinzufügen
Keine Tags, Fügen Sie den ersten Tag hinzu!
|
MARC
| LEADER | 00000nam a2200000 a 4500 | ||
|---|---|---|---|
| 001 | UCP4489 | ||
| 003 | CL-VaPUC | ||
| 008 | 990731e19920000SP |||||||||||||||||spa|d | ||
| 082 | 0 | 4 | |a 372.357 |b BAT |2 21 |
| 100 | 0 | |a Batllori Obiols, Roser |e author |9 432007 | |
| 700 | |a Castellanos Ortiz, Delicia |e author |9 433516 | ||
| 700 | 0 | |a Franch Batlle, Joan María |e author |9 432009 | |
| 700 | |a Giménez López, Gloria |e author |9 433547 | ||
| 700 | |a González Hernández, José |e author |9 433555 | ||
| 700 | 0 | |a Marín-Baldo Arenas, Luisa |e author |9 432012 | |
| 700 | |a Martínez Cerón, Ginés |e autor |9 433554 | ||
| 700 | |a Miñano Sánchez, Antonio |e autor |9 433506 | ||
| 700 | |a Pagès Blanch, Joan |e autor |9 465952 | ||
| 700 | |a Martínez Soto, Angel Pascual |e autor |9 433505 | ||
| 700 | 0 | |a Ródenas Martínez, José A |e author |9 432017 | |
| 700 | 0 | |a Zayas Ciruelos, José A |e author |9 432018 | |
| 245 | 1 | 0 | |a Pasarela 2, unidades didácticas globalizadas, 1er. ciclo de educación primaria |
| 300 | |a V | ||
| 942 | |c BK | ||
| 945 | |d 19990731 00:00:00 |a vberengu | ||
| 260 | |a Madrid |b Bruño |c 1992 | ||
| 650 | 0 | |a Actividades educativas |9 308316 | |
| 650 | 0 | |a Aprendizaje |9 254827 | |
| 650 | 0 | |a Educación básica |9 224933 | |
| 650 | 0 | |a Métodos de enseñanza |9 270413 | |
| 583 | |a last modification |c 19990731 00:00:00 |k Rodrigo Vera | ||
| 490 | 0 | |a Colección Proyecto Beta | |
| 999 | |c 282436 |d 282434 | ||
| 952 | |0 0 |1 0 |4 0 |6 372_357000000000000_BAT_1992 |7 0 |8 A |9 324152 |a BIBEDU |b BIBEDU |d 2019-11-20 |h v.2 |i 3540677 |o 372.357 BAT 1992 |p 3540677 |r 2019-11-20 |w 2019-11-20 |y BK |k BME | ||
| 952 | |0 0 |1 0 |4 0 |6 372_357000000000000_BAT_1992 |7 0 |8 A |9 324153 |a BIBEDU |b BIBEDU |d 2019-11-20 |h v.3 |i 3540685 |o 372.357 BAT 1992 |p 3540685 |r 2019-11-20 |w 2019-11-20 |y BK |k BME | ||